|
|
|
|
| LEADER |
00000nab a2200000 a 4500 |
| 001 |
vtls010702444 |
| 003 |
SK-MaSNL |
| 005 |
20260304185545.0 |
| 008 |
250709s1973 xo |||||||||||||||||slo| |
| 035 |
|
|
|a (urnnbn)urn:nbn:sk:snk:ar-a03q0r
|
| 035 |
|
|
|a (uuid)18d94dfe-4777-4eb8-9202-bb6926e1359c
|
| 035 |
|
|
|a urn:nbn:sk:snk-ab37oj
|
| 040 |
|
|
|a SNKBUCL
|b slo
|c SNKBUCL
|e AACR2
|
| 041 |
0 |
|
|a slo
|
| 044 |
|
|
|a xo
|c SK
|
| 100 |
1 |
|
|a Ďurčová, Magda
|4 aut
|9 706543
|
| 245 |
1 |
0 |
|a FILOZOFICKÁ TVORBA V DEUTSCHE ZEITSCHRIFT FÜR PHILOSOPHIE
|c Magda Ďurčová
|
| 773 |
0 |
|
|t Filozofia
|g Roč. 28, č. 4 (1973), s. 437-441
|
| 850 |
|
|
|a Slovenská národná knižnica
|
| 852 |
|
|
|a Slovenská národná knižnica
|
| 954 |
|
|
|a odborná, vedecká literatúra pôvodná (slovenská)
|2 lita
|
| 958 |
|
|
|a article1
|
| 958 |
|
|
|a OND
|
| 958 |
|
|
|a EUIPO
|
| 999 |
|
|
|c 3044321
|d 3046251
|